Datum a čas kvízu
31
Celkem bodů
Celkový počet nahraných bodů na tomto kvízu bez doplňovacích otázek.
5.
Pořadí na kvízu
Konečné umístění týmu na tomto kvízu.
Zaznamenané odpovědi
| # | Otázka | Odpověď | Body | Výsledky |
|---|---|---|---|---|
| 1. | Jiří Langmajer, Zdislava Pokor... | Hejt není názor | 1 | |
| 2. | Parlamentní volby v Maďarsku s... | TISZA | 0 | |
| 3. | Legendární americký folkový zp... | Paul Simon | 1 | |
| 4. | Americký deník The New York Ti... | bitcoin | 1 | |
| 5. | Který úspěšný plavec se stal m... | David Kratochvíl | 0 | |
| 6. | Vaším prvním úkolem v dnešním... | 1B 2D 3A 4C | 1 | |
| 7. | Poznejte gangsterku dle stručn... | Dannyho parťáci (Ocean's Eleven) | 1 | |
| 8. | Italští herci Carlo Pedersoli... | Bud Spencer a Terence Hill | 1 | |
| 9. | Gangster, na kterého se ptáme,... | Jabba Hutt | 1 | |
| 10. | Uveďte jméno i příjmení postav... | John Wick | 1 |